000 00770nam a2200217 i 4500
001 52771
003 ES-MaACL
005 20250827062603.0
007 t|
008 030904s1931 sp ||||1| spa d
110 1 _aEspaña
_93622
245 1 0 _aDecreto de 25 de enero de 1908 clasificando las industrias prohibidas a mujeres y niños.
260 _aMadrid :
_b[s.n.],
_c1931 (
_fSuc. de M. Minuesa de los Ríos)
300 _a10 p. ;
_c22 cm.
594 _aPrecede al tít.: Ministerio de Trabajo y Previsión.
650 4 _aMujeres-
_xTrabajo-
_zEspaña-
_y1931-1939.
_9167891
650 4 _aNiños-
_xTrabajo-
_zEspaña.
_9148840
710 1 _aEspaña.
_bMinisterio de Trabajo y Previsión
_93933
852 4 _aES-MaACL
_j1757-F-20
999 _c52771
_d52771